| 000 | 00880nam a2200217Ia 4500 | ||
|---|---|---|---|
| 003 | GCL | ||
| 008 | 140319s9999 xx 000 0 ara d | ||
| 040 |
_aGCL / _cGCL |
||
| 082 | 0 | 4 |
_a350.754 _bوم |
| 100 | 1 | _aوحدة بحوث الازمات - كلية التجارة | |
| 245 | 1 | 0 |
_aالمؤتمر السنوى الاول والثانى لادارة الازمات والكوارث (المؤتمر السنوى الثالث 1998 - المؤتمر السنوى الرابع 1999 ) / _cوحدة بحوث الازمات - كلية التجارة |
| 250 | _aالثانية | ||
| 260 |
_aالقاهرة : _bجامعة عين شمس ، _c1996 |
||
| 300 |
_a2 مج ؛ _c24 سم |
||
| 490 | _a | ||
| 650 | 0 | 4 | _aالادارة |
| 650 | 0 | 4 | _aالتأمين ضد الكوارث |
| 650 | 0 | 4 | _aالكوارث، ادارة |
| 650 | 0 | 4 | _aالازمات - ادارة |
| 942 |
_2ddc _cBK |
||
| 999 |
_c52244 _d52244 |
||